Normal view MARC view

Entry Topical Term

Number of records used in: 1

001 - CONTROL NUMBER

  • control field: 49057

003 - CONTROL NUMBER IDENTIFIER

  • control field: OSt

005 - DATE AND TIME OF LATEST TRANSACTION

  • control field: 20241125120833.0

008 - FIXED-LENGTH DATA ELEMENTS

  • fixed length control field: 241125|| aca||aabn | a|a d

040 ## - CATALOGING SOURCE

  • Original cataloging agency: OSt
  • Transcribing agency: OSt

150 ## - HEADING--TOPICAL TERM

  • Topical term or geographic name entry element: Logistic regression, Home ground, Toss win, Predictive analytics, Cricket, Indian Premier League.

670 ## - SOURCE DATA FOUND

  • Source citation: Work cat.: (OSt): Nagpal, Ankita Nagpal, Gaurav Koshita, Nitin and Singh, Shivang 49056, Do home ground and toss win make cricket an unfair game? An empirical study from the first fifteen years of Indian premier league

Powered by Koha